Statistics for Countries that Border Turkey

Click here to take the quiz!

General Stats

  • This quiz has been taken 27 times
  • The average score is 8 of 8

Answer Stats

Country% Correct
Georgia
100%
Armenia
96%
Azerbaijan
96%
Syria
96%
Bulgaria
92%
Greece
92%
Iran
92%
Iraq
92%

Score Distribution

Percentile by Number Answered

Percent of People with Each Score

Your Score History

You have not taken this quiz